Degrees of freedom : (Record no. 173191)

000 -LEADER
fixed length control field 01534cam a2200385 a 4500
001 - CONTROL NUMBER
control field 1154511
003 - CONTROL NUMBER IDENTIFIER
control field Nust
005 - DATE AND TIME OF LATEST TRANSACTION
control field 20220831123340.0
008 - FIXED-LENGTH DATA ELEMENTS--GENERAL INFORMATION
fixed length control field 950822r19941965enk b 000 0 eng d
010 ## - LIBRARY OF CONGRESS CONTROL NUMBER
LC control number 95194635
015 ## - NATIONAL BIBLIOGRAPHY NUMBER
National bibliography number GB95-94725
020 ## - INTERNATIONAL STANDARD BOOK NUMBER
International Standard Book Number 0099302241
Terms of availability Rs. 420
035 ## - SYSTEM CONTROL NUMBER
System control number (OCoLC)32183185
038 ## - RECORD CONTENT LICENSOR
Staff Name Arshad
040 ## - CATALOGING SOURCE
Original cataloging agency InU
Transcribing agency InU
Modifying agency Uk
-- DLC
042 ## - AUTHENTICATION CODE
Authentication code lccopycat
043 ## - GEOGRAPHIC AREA CODE
Geographic area code e-uk-en
050 00 - LIBRARY OF CONGRESS CALL NUMBER
Classification number PR6063.U7
Item number Z6 1994
082 00 - DEWEY DECIMAL CLASSIFICATION NUMBER
Classification number 823
Author Mark BYA
100 1# - MAIN ENTRY--PERSONAL NAME
Personal name Byatt, A. S.
Fuller form of name (Antonia Susan),
Dates associated with a name 1936-
9 (RLIN) 11695
245 10 - TITLE STATEMENT
Title Degrees of freedom :
Remainder of title the early novels of Iris Murdoch /
Statement of responsibility, etc. A.S. Byatt.
260 ## - PUBLICATION, DISTRIBUTION, ETC.
Place of publication, distribution, etc. London :
Name of publisher, distributor, etc. Vintage,
Date of publication, distribution, etc. 1994.
300 ## - PHYSICAL DESCRIPTION
Extent x, 358 p. ;
Dimensions 20 cm.
500 ## - GENERAL NOTE
General note Originally published: London : Chatto & Windus, 1965.
500 ## - GENERAL NOTE
General note "This edition ... has an added dossier of later essays and reviews ... up to ... 1987 [and] includes a substantial pamphlet written for the British Council"--P. [4] of cover.
504 ## - BIBLIOGRAPHY, ETC. NOTE
Bibliography, etc. note Includes bibliographical references (p. 345-350).
600 10 - SUBJECT ADDED ENTRY--PERSONAL NAME
Personal name Murdoch, Iris
General subdivision Criticism and interpretation.
9 (RLIN) 11696
650 #0 - SUBJECT ADDED ENTRY--TOPICAL TERM
Topical term or geographic name entry element Women and literature
Geographic subdivision England
General subdivision History
Chronological subdivision 20th century.
9 (RLIN) 11697
650 #0 - SUBJECT ADDED ENTRY--TOPICAL TERM
Topical term or geographic name entry element Didactic fiction, English
General subdivision History and criticism.
9 (RLIN) 11698
650 #0 - SUBJECT ADDED ENTRY--TOPICAL TERM
Topical term or geographic name entry element Liberty in literature.
9 (RLIN) 11699
856 42 - ELECTRONIC LOCATION AND ACCESS
Materials specified Publisher description
Uniform Resource Identifier <a href="http://www.loc.gov/catdir/description/random045/95194635.html">http://www.loc.gov/catdir/description/random045/95194635.html</a>
906 ## - LOCAL DATA ELEMENT F, LDF (RLIN)
a 7
b cbc
c copycat
d 3
e ncip
f 19
g y-gencatlg
942 ## - ADDED ENTRY ELEMENTS (KOHA)
Source of classification or shelving scheme
Koha item type Book
Holdings
Withdrawn status Lost status Source of classification or shelving scheme Damaged status Not for loan Permanent Location Current Location Shelving location Date acquired Total Checkouts Full call number Barcode Date last seen Date last checked out Copy number Price effective from Koha item type
          Central Library (CL) Central Library (CL) Fiction 01/19/2017 1 823 BYA CL302 04/25/2018 03/28/2018 1 01/19/2017 Book
© 2023 Central Library, National University of Sciences and Technology. All Rights Reserved.